MAASAI MARA UNIVERSITY

LIBRARY CATALOGUE

Contact Us: +254 020 2685356/7 or 0774 057787

Box: 861-20500, NAROK, KENYA

Email: info@mmarau.ac.ke

_Elementary statistics A step by step Approach ( 6th ed) (Record no. 6033)

MARC details
000 -LEADER
fixed length control field 00385nam a2200133Ia 4500
008 - FIXED-LENGTH DATA ELEMENTS--GENERAL INFORMATION
fixed length control field 151021s9999 xx 000 0 und d
020 ## - INTERNATIONAL STANDARD BOOK NUMBER
International Standard Book Number 9.7800711059e+012
050 ## - LIBRARY OF CONGRESS CALL NUMBER
Classification number QA276.12.B585 2000
245 ## - TITLE STATEMENT
Title _Elementary statistics A step by step Approach ( 6th ed)
300 ## - PHYSICAL DESCRIPTION
Extent xxx,802p.;ill
500 ## - GENERAL NOTE
General note Includes Index
650 ## - SUBJECT ADDED ENTRY--TOPICAL TERM
Topical term or geographic name as entry element _Statistics
980 ## - EQUIVALENCE OR CROSS-REFERENCE-SERIES STATEMENT--PERSONAL NAME/TITLE [LOCAL, CANADA]
Personal name ^d20120828 09:24:55^okorir

No items available.

© 2016 Maasai Mara University.